000 01694nam a2200253 4500
003 NALT
005 20251114104815.0
008 251111b th ||||| |||| 00| 0 tha d
040 _aNALT
050 _aTS 183
_bล232ก 2567
100 0 _aลักษิกา ปิเตอร์.
_966968
245 1 0 _aการประยุกต์ใช้การตัดด้วยน้ำแรงดันสูงผสมผงตัดสำหรับตัดไม้ยางพาราผสมพลาสติก =
_bApplication of abrasive waterjet cutting on rubberwood plastic composites /
_cลักษิกา ปิเตอร์.
260 _aสงขลา :
_bมหาวิทยาลัยสงขลานครินทร์,
_c2567.
300 _a116 หน้า :
_bภาพประกอบ, ตาราง, แผนภูมิ ;
_c30 ซม.
505 2 _aบทที่ 1 บทนำ -- บทที่ 2 เอกสารและงานวิจัยที่เกี่ยวข้อง -- บทที่ 3 วิธีดำเนินการวิจัย -- บทที่ 4 ผลการวิจัย -- บทที่ 5 สรุปผลการวิจัยและข้อเสนอแนะ.
650 4 _aการตัดด้วยน้ำแรงดันสูง
_967022
650 4 _aการตัดวัสดุ
_967024
650 4 _aวิศวกรรมการผลิต
_967025
942 _2lcc
_cRSH
996 _ajidapa.t
_bACQSTF
_c2025-11-11
996 _avaree.k
_bLIBSTF
_c2025-11-12
996 _ajamriang.p
_bCATSTF
_c2025-11-14
999 _c107473
_d107473
998 _j1020
_k นางจำเรียง ระวังสำโรง